000 00537nam a2200169Ia 4500
008 090201s9999 xx 000 0 und d
010 _aKPL-62089
040 _bमराठी
041 _aमराठी
082 _a36036
_b62089
100 _aशंकरराव खरात
245 _aतडीपार
_cशंकरराव खरात
260 _c2004
_bइंद्रायणी साहित्य प्रकाशन
300 _a132
_bमोठा
600 _aतडीपार
942 _cBOOK
999 _c234078
_d234078